[Event "CZE-chT 0708"]
[Site "Czech Republic"]
[Date "2008.04.13"]
[Round "11.8"]
[White "Modr, Bretislav"]
[Black "Kociscak, Jiri"]
[Result "1/2-1/2"]
[WhiteElo "2333"]
[BlackElo "2223"]
[PlyCount "36"]
[EventDate "2007.11.17"]
[EventType "team-tourn"]
[EventRounds "11"]
[EventCountry "CZE"]
[SourceTitle "EXT 2009"]
[Source "ChessBase"]
[SourceDate "2008.11.26"]
[SourceVersion "1"]
[SourceVersionDate "2008.11.26"]
[SourceQuality "1"]
[WhiteTeam "Bohemians"]
[BlackTeam "Frydek Mistek"]
[WhiteTeamCountry "CZE"]
[BlackTeamCountry "CZE"]

1. d4 d5 2. Nf3 Nf6 3. Bg5 e6 4. Nbd2 Be7 5. e3 0-0 6. Bd3 Nbd7 7. c3 b6 8. 0-0 Bb7 9. Ne5 Nxe5 10. dxe5 Ne4 11. Bxe7 Qxe7 12. f4 Nxd2 13. Qxd2 f5 14. exf6 Qxf6 15. Qc2 h6 16. e4 e5 17. fxe5 Qxe5 18. exd5 Qxd5 1/2-1/2

[Event "Dortmund op-A"]
[Site "Dortmund"]
[Date "1999.07.11"]
[Round "3"]
[White "Mainka, Romuald"]
[Black "Modr, Bretislav"]
[Result "1-0"]
[WhiteElo "2476"]
[BlackElo "2317"]
[PlyCount "62"]
[EventDate "1999.07.??"]
[EventType "swiss"]
[EventRounds "10"]
[EventCountry "GER"]
[SourceTitle "EXT 2002"]
[Source "ChessBase"]
[SourceDate "2001.11.25"]
[SourceVersion "1"]
[SourceVersionDate "2001.11.25"]
[SourceQuality "1"]

1. e4 c5 2. Nf3 e6 3. d4 cxd4 4. Nxd4 Nf6 5. Nc3 d6 6. g4 h6 7. Rg1 Nc6 8. h4 h5 9. g5 Ng4 10. Nb3 a6 11. Qe2 g6 12. Bf4 Qc7 13. 0-0-0 Bd7 14. Kb1 0-0-0 15. f3 Nge5 16. Be3 Be8 17. Na4 Nd7 18. Qf2 Kb8 19. f4 b5 20. Nc3 Kb7 21. Rg3 Nc5 22. Bg2 Nxb3 23. cxb3 Nb8 24. Rc1 Bc6 25. Nd5 Qc8 26. Nf6 Bg7 27. Ba7 Bxf6 28. gxf6 Nd7 29. Rgc3 Qc7 30. Rxc6 Qxc6 31. Rxc6 Kxc6 1-0

[Event "CZE-chT 9697"]
[Site "Czech Republic"]
[Date "1997.??.??"]
[Round "10"]
[White "Cech, Pavel"]
[Black "Modr, Bretislav"]
[Result "1/2-1/2"]
[WhiteElo "2330"]
[BlackElo "2355"]
[PlyCount "67"]
[EventDate "1996.??.??"]
[EventType "team-tourn"]
[EventRounds "11"]
[EventCountry "CZE"]
[SourceTitle "EXT 2019"]
[Source "ChessBase"]
[SourceDate "2018.10.10"]
[SourceVersion "1"]
[SourceVersionDate "2018.10.10"]
[SourceQuality "1"]
[WhiteTeam "Zlin"]
[BlackTeam "Praha Bohemians"]
[WhiteTeamCountry "CZE"]
[BlackTeamCountry "CZE"]

1. d4 Nf6 2. c4 e6 3. Nc3 d5 4. Bg5 Be7 5. Nf3 Nbd7 6. e3 0-0 7. cxd5 Nxd5 8. Bxe7 Qxe7 9. Nxd5 exd5 10. Bd3 c5 11. dxc5 Nxc5 12. 0-0 Bg4 13. Be2 Bxf3 14. Bxf3 Rfd8 15. Rc1 Ne6 16. Bxd5 Nc7 17. e4 Nxd5 18. exd5 Qd6 19. Re1 Rd7 20. Qa4 a6 21. h3 Rad8 22. Rcd1 g6 23. Re3 Qc5 24. Rc3 Qe7 25. Re3 Qc5 26. Re8+ Rxe8 27. Qxd7 Re2 28. Qd8+ Kg7 29. Qh4 Rxb2 30. d6 Rd2 31. Rxd2 Qc1+ 32. Kh2 Qxd2 33. Qe7 Qf4+ 34. Kg1 1/2-1/2

[Event "AUT-chT2O 9697"]
[Site "Austria"]
[Date "1997.??.??"]
[Round "11"]
[White "Schueller, Ernst"]
[Black "Modr, Bretislav"]
[Result "1-0"]
[WhiteElo "2240"]
[BlackElo "2340"]
[PlyCount "175"]
[EventDate "1996.??.??"]
[EventType "team"]
[EventRounds "11"]
[EventCountry "AUT"]
[SourceTitle "EXT 1998"]
[Source "ChessBase"]
[SourceDate "1997.11.17"]
[SourceVersion "1"]
[SourceVersionDate "1997.11.17"]
[SourceQuality "1"]

1. e4 c5 2. Nf3 e6 3. b3 Nc6 4. Bb2 d6 5. Bb5 Bd7 6. 0-0 Nf6 7. Re1 Be7 8. c4 e5 9. Bxc6 bxc6 10. h3 0-0 11. Nc3 Ne8 12. Re3 Nc7 13. Ne2 f5 14. exf5 Bxf5 15. Ng3 Bg6 16. Bc3 Ne6 17. b4 cxb4 18. Bxb4 c5 19. Bc3 Nd4 20. Bxd4 cxd4 21. Re1 Rc8 22. d3 Rf4 23. Rb1 Qa5 24. Qe2 Rcf8 25. Rb5 Qa6 26. Reb1 Bd8 27. Rb8 Qc6 28. R1b3 Bb6 29. Rxf8+ Rxf8 30. Ng5 d5 31. c5 Qxc5 32. Ne6 Qc1+ 33. Kh2 Rf6 34. Qxe5 Qc8 35. Nf4 Bf7 36. Nxd5 Bxd5 37. Qxd5+ Kh8 38. Rb2 Rf8 39. Re2 Qb8 40. Kg1 h6 41. Ne4 Qf4 42. Rc2 Qb8 43. g3 Qe8 44. Kg2 Qa4 45. Qc6 Qa5 46. Nc5 Bxc5 47. Qxc5 Qd8 48. Qc6 Qe7 49. a4 Re8 50. a5 Qe1 51. a6 Kh7 52. Qd7 Qe5 53. Rc4 Re6 54. Qxd4 Qxd4 55. Rxd4 Rxa6 56. Rd7 Kg6 57. f4 Ra2+ 58. Kf3 a5 59. g4 Rh2 60. Kg3 Rd2 61. Kh4 a4 62. f5+ Kf6 63. Kh5 a3 64. h4 a2 65. Ra7 Rxd3 66. Rxa2 Rh3 67. Ra6+ Kf7 68. f6 gxf6 69. Ra7+ Ke6 70. Rh7 Rg3 71. Rxh6 Kf7 72. Rh7+ Ke6 73. Ra7 Rh3 74. Rg7 Rh1 75. Rh7 Rg1 76. g5 fxg5 77. hxg5 Rh1+ 78. Kg6 Rg1 79. Rh2 Ke7 80. Rf2 Rg3 81. Kh6 Rh3+ 82. Kg7 Ke6 83. g6 Rg3 84. Kh7 Rh3+ 85. Kg8 Rg3 86. g7 Ke7 87. Re2+ Kf6 88. Kf8 1-0

[Event "AUT-chT2O 9697"]
[Site "Austria"]
[Date "1996.??.??"]
[Round "3"]
[White "Lehner, Oliver"]
[Black "Modr, Bretislav"]
[Result "1/2-1/2"]
[WhiteElo "2250"]
[BlackElo "2340"]
[PlyCount "34"]
[EventDate "1996.??.??"]
[EventType "team"]
[EventRounds "11"]
[EventCountry "AUT"]
[SourceTitle "EXT 1998"]
[Source "ChessBase"]
[SourceDate "1997.11.17"]
[SourceVersion "1"]
[SourceVersionDate "1997.11.17"]
[SourceQuality "1"]

1. d4 Nf6 2. c4 e6 3. Nf3 d5 4. Nc3 Be7 5. Bf4 0-0 6. e3 Nbd7 7. Qc2 c5 8. dxc5 Nxc5 9. Rd1 Qa5 10. Nd2 Nfe4 11. Ncxe4 Nxe4 12. a3 Nxd2 13. Qxd2 Qxd2+ 14. Rxd2 dxc4 15. Bxc4 Rd8 16. Rxd8+ Bxd8 17. 0-0 Bd7 1/2-1/2

[Event "AUT-chT2O 9596"]
[Site "Austria"]
[Date "1996.??.??"]
[Round "8"]
[White "Modr, Bretislav"]
[Black "Lechtynsky, Jiri"]
[Result "1/2-1/2"]
[WhiteElo "2340"]
[BlackElo "2425"]
[PlyCount "30"]
[EventDate "1995.??.??"]
[EventType "team"]
[EventRounds "11"]
[EventCountry "AUT"]
[SourceTitle "EXT 1999"]
[Source "ChessBase"]
[SourceDate "1998.11.16"]
[SourceVersion "1"]
[SourceVersionDate "1998.11.16"]
[SourceQuality "1"]

1. d4 Nf6 2. Nf3 d5 3. Bg5 c6 4. e3 Bf5 5. Nbd2 Nbd7 6. Be2 h6 7. Bh4 e6 8. Ne5 Be7 9. Nxd7 Nxd7 10. Bxe7 Qxe7 11. 0-0 0-0 12. c3 e5 13. dxe5 Nxe5 14. Nf3 Nxf3+ 15. Bxf3 Rfd8 1/2-1/2

[Event "AUT-chT2O 9697"]
[Site "Austria"]
[Date "1996.??.??"]
[Round "4"]
[White "Modr, Bretislav"]
[Black "Rumpl, Erwin"]
[Result "1-0"]
[WhiteElo "2340"]
[BlackElo "2165"]
[PlyCount "81"]
[EventDate "1996.??.??"]
[EventType "team"]
[EventRounds "11"]
[EventCountry "AUT"]
[SourceTitle "EXT 1998"]
[Source "ChessBase"]
[SourceDate "1997.11.17"]
[SourceVersion "1"]
[SourceVersionDate "1997.11.17"]
[SourceQuality "1"]

1. d4 d5 2. Nf3 Nf6 3. Bg5 e6 4. e3 c5 5. Nbd2 Nc6 6. c3 cxd4 7. exd4 Bd6 8. Bd3 h6 9. Bh4 Bd7 10. Qe2 Qc7 11. Bg3 0-0 12. Ne5 Rfc8 13. 0-0 Be8 14. Rae1 Bxe5 15. dxe5 Nd7 16. Kh1 Qb6 17. Nb3 a5 18. f4 a4 19. Bf2 Qc7 20. Nd4 Nxd4 21. Bxd4 Nc5 22. f5 Nxd3 23. Qxd3 exf5 24. Qxf5 Ra6 25. e6 fxe6 26. Rxe6 Qf7 27. Qxf7+ Bxf7 28. Re7 Rf8 29. Rxb7 Rg6 30. b4 axb3 31. axb3 Be6 32. Rxf8+ Kxf8 33. b4 Bf5 34. Kg1 Be4 35. g3 h5 36. b5 h4 37. Kf2 hxg3+ 38. hxg3 Bd3 39. b6 Re6 40. Ra7 Re2+ 41. Kf3 1-0

[Event "CZE-chT1a"]
[Site "Czech Republic"]
[Date "1995.??.??"]
[Round "?"]
[White "Modr, Bretislav"]
[Black "Votava, Jan"]
[Result "0-1"]
[WhiteElo "2350"]
[BlackElo "2395"]
[PlyCount "110"]
[EventDate "1995.??.??"]
[EventType "team"]
[EventRounds "11"]
[EventCountry "CZE"]
[SourceTitle "EXT 1997"]
[Source "ChessBase"]
[SourceDate "1996.11.15"]
[SourceVersion "1"]
[SourceVersionDate "1996.11.15"]
[SourceQuality "1"]

1. d4 Nf6 2. Nf3 c5 3. c3 e6 4. Bg5 b6 5. e4 h6 6. Bxf6 Qxf6 7. Nbd2 Qd8 8. Bd3 Be7 9. Qe2 Bb7 10. h4 cxd4 11. cxd4 Nc6 12. a3 d5 13. e5 Qd7 14. Rc1 0-0-0 15. Nb3 Kb8 16. h5 Rc8 17. 0-0 Rc7 18. Rc3 Rhc8 19. Rfc1 Nd8 20. Bb5 Bc6 21. Bxc6 Rxc6 22. Qb5 Qb7 23. Rxc6 Rxc6 24. Rxc6 Qxc6 25. Qxc6 Nxc6 26. Kf1 a5 27. Ke2 a4 28. Nc1 Kb7 29. Nd3 b5 30. Kd2 Kb6 31. Kc3 b4+ 32. axb4 Kb5 33. g4 Nxb4 34. Nc1 Nc6 35. Nd3 Bd8 36. Nc1 Bb6 37. Ne2 Ba5+ 38. Kd3 Nb4+ 39. Ke3 Nc2+ 40. Kd3 Ne1+ 41. Nxe1 Bxe1 42. f4 Kb4 43. Nc1 Bh4 44. Ke3 Kc4 45. Nd3 Be7 46. Nc1 Bd8 47. Nd3 Bb6 48. g5 Bxd4+ 49. Kd2 Kb3 50. f5 hxg5 51. f6 gxf6 52. h6 fxe5 53. Nc1+ Kc4 54. Ne2 Bxb2 55. Kc2 a3 0-1

[Event "Donau op 03rd"]
[Site "Aschach"]
[Date "1994.??.??"]
[Round "?"]
[White "Konrad, Edmund"]
[Black "Modr, Bretislav"]
[Result "0-1"]
[WhiteElo "1895"]
[BlackElo "2345"]
[PlyCount "47"]
[EventDate "1994.12.??"]
[EventType "swiss"]
[EventRounds "7"]
[EventCountry "AUT"]
[SourceTitle "EXT 1997"]
[Source "ChessBase"]
[SourceDate "1996.11.15"]
[SourceVersion "1"]
[SourceVersionDate "1996.11.15"]
[SourceQuality "1"]

1. e4 c5 2. Nc3 e6 3. g3 d5 4. Bg2 Nf6 5. d3 Be7 6. f4 Nc6 7. Nf3 dxe4 8. Nxe4 Nxe4 9. dxe4 Qxd1+ 10. Kxd1 b6 11. c3 Ba6 12. Kc2 0-0-0 13. Bf1 Bb7 14. Bg2 Nb4+ 15. cxb4 Bxe4+ 16. Kb3 Bxf3 17. Bxf3 Rd3+ 18. Kc2 Rxf3 19. b5 Rd8 20. Bd2 Bf6 21. Rad1 c4 22. Rhe1 Rf2 23. Re4 Rd4 24. Ree1 0-1

[Event "Donau op 03rd"]
[Site "Aschach"]
[Date "1994.??.??"]
[Round "?"]
[White "Modr, Bretislav"]
[Black "Casagrande, Harald"]
[Result "1-0"]
[WhiteElo "2345"]
[BlackElo "2405"]
[PlyCount "117"]
[EventDate "1994.12.??"]
[EventType "swiss"]
[EventRounds "7"]
[EventCountry "AUT"]
[SourceTitle "EXT 1997"]
[Source "ChessBase"]
[SourceDate "1996.11.15"]
[SourceVersion "1"]
[SourceVersionDate "1996.11.15"]
[SourceQuality "1"]

1. d4 d5 2. Nf3 e6 3. Bf4 c5 4. e3 Qb6 5. Qc1 Nf6 6. Nbd2 Nc6 7. c3 Bd7 8. Be2 Be7 9. 0-0 0-0 10. Ne5 Rfc8 11. Nxd7 Nxd7 12. Nf3 a5 13. Bd3 a4 14. Qc2 g6 15. a3 Bf6 16. Qe2 Bg7 17. Rad1 cxd4 18. exd4 Na5 19. h4 Qd8 20. h5 Nc4 21. hxg6 hxg6 22. g3 Ra6 23. Kg2 Rb6 24. Bc1 Nf6 25. Rh1 Ne4 26. Rh4 f5 27. Rdh1 g5 28. Rh5 g4 29. Ne5 Nxe5 30. dxe5 Rc7 31. Bh6 Bxe5 32. Bf4 Bg7 33. Bxc7 Qxc7 34. Bxe4 dxe4 35. Qe3 Rxb2 36. Qg5 Kf7 37. Qxg7+ Kxg7 38. Rh7+ Kf6 39. Rxc7 e3 40. Rf1 e5 41. Rc4 Kg5 42. Kg1 f4 43. fxe3 f3 44. Rf2 Rb1+ 45. Kh2 Re1 46. e4 Re2 47. Kg1 Re1+ 48. Rf1 Re2 49. Kh1 b5 50. Rb4 Kf6 51. Rxb5 Rxe4 52. Rb4 Re3 53. Rxg4 Rxc3 54. Rxa4 Kf5 55. g4+ Kg5 56. Kh2 Kh4 57. g5+ Kxg5 58. Kg3 e4 59. Rxe4 1-0

[Event "Donau op 03rd"]
[Site "Aschach"]
[Date "1994.??.??"]
[Round "?"]
[White "Tratar, Marko"]
[Black "Modr, Bretislav"]
[Result "0-1"]
[WhiteElo "2380"]
[BlackElo "2345"]
[PlyCount "125"]
[EventDate "1994.12.??"]
[EventType "swiss"]
[EventRounds "7"]
[EventCountry "AUT"]
[SourceTitle "EXT 1997"]
[Source "ChessBase"]
[SourceDate "1996.11.15"]
[SourceVersion "1"]
[SourceVersionDate "1996.11.15"]
[SourceQuality "1"]

1. d4 Nf6 2. Nf3 e6 3. c4 d5 4. g3 Be7 5. Bg2 0-0 6. 0-0 Nbd7 7. Qc2 c6 8. b3 b6 9. Rd1 Bb7 10. Nc3 Rc8 11. e4 h6 12. Bb2 Qc7 13. Rac1 Qb8 14. e5 Ne8 15. cxd5 cxd5 16. Ne1 Nc7 17. Qd2 Ba6 18. f4 Nb5 19. Nb1 Rxc1 20. Rxc1 Rc8 21. Nc2 Bb7 22. Bf1 Nc7 23. Ba3 Bxa3 24. Ncxa3 a6 25. Kf2 Nf8 26. Ke1 Ne8 27. Rxc8 Qxc8 28. Qc3 Qd8 29. Kd1 Qe7 30. Nc2 Nd7 31. Nb4 Nb8 32. Nd2 Nc7 33. Nc2 Nc6 34. Nf3 Kf8 35. Bd3 Qd7 36. Ne3 Qe7 37. Nc2 Qd7 38. Kd2 Ke8 39. Ke3 Kd8 40. g4 Kc8 41. Qe1 a5 42. Qf1 Kb8 43. h4 Ka7 44. h5 Ba6 45. Bxa6 Nxa6 46. a3 Ne7 47. Qd3 Qc8 48. Kd2 Qg8 49. f5 Nc7 50. Ne3 Nc6 51. Kc2 Kb7 52. Kb2 Qe8 53. Nc2 Qc8 54. Ne3 Qe8 55. f6 gxf6 56. Qh7 fxe5 57. dxe5 Qf8 58. g5 Qc5 59. Qd3 Qf8 60. Ng4 hxg5 61. h6 Ne7 62. Nxg5 Ng6 63. Qf1 0-1

[Event "EU-Cup 09th Group7"]
[Site "Barcelona"]
[Date "1993.10.01"]
[Round "1"]
[White "De la Villa Garcia, Jesus Maria"]
[Black "Modr, Bretislav"]
[Result "1-0"]
[WhiteElo "2440"]
[BlackElo "2345"]
[PlyCount "49"]
[EventDate "1993.10.01"]
[EventType "team-k.o."]
[EventRounds "3"]
[EventCountry "ESP"]
[SourceTitle "EXT 2020"]
[Source "ChessBase"]
[SourceDate "2019.10.17"]
[SourceVersion "1"]
[SourceVersionDate "2019.10.17"]
[SourceQuality "1"]
[WhiteTeam "Barcelona UGA"]
[BlackTeam "Praha Bohemians"]
[WhiteTeamCountry "ESP"]
[BlackTeamCountry "CZE"]

1. e4 c5 2. Nf3 e6 3. d4 cxd4 4. Nxd4 d6 5. Nc3 a6 6. Be3 Nf6 7. f3 b5 8. g4 Bb7 9. Qd2 Be7 10. 0-0-0 Nfd7 11. g5 Nc5 12. h4 b4 13. Nce2 Nbd7 14. Kb1 Qb6 15. h5 0-0-0 16. Rh3 d5 17. exd5 Bxd5 18. Nf4 Bb7 19. g6 Bf6 20. Nb3 Nxb3 21. cxb3 Nc5 22. Nd3 Bd4 23. Rc1 Kb8 24. Nxc5 Bxc5 25. Qh2+ 1-0

[Event "Dortmund op-A"]
[Site "Dortmund"]
[Date "1993.??.??"]
[Round "4"]
[White "Brunner, Lucas"]
[Black "Modr, Bretislav"]
[Result "0-1"]
[WhiteElo "2455"]
[BlackElo "2305"]
[PlyCount "98"]
[EventDate "1993.04.??"]
[EventType "swiss"]
[EventRounds "11"]
[EventCountry "GER"]
[SourceTitle "TD"]
[Source "ChessBase"]
[SourceDate "1994.03.01"]
[SourceVersion "1"]
[SourceVersionDate "1994.03.01"]
[SourceQuality "1"]

1. e4 c5 2. Nf3 e6 3. d4 cxd4 4. Nxd4 d6 5. c4 Nf6 6. Nc3 a6 7. Be2 Be7 8. 0-0 Qc7 9. f4 Nc6 10. Nxc6 bxc6 11. Be3 Bb7 12. Bd3 h5 13. h3 h4 14. b4 c5 15. bxc5 dxc5 16. e5 Nh5 17. Be4 Ng3 18. Qa4+ Kf8 19. Bxb7 Nxf1 20. Bxa8 Nxe3 21. Re1 Nf5 22. Be4 Nd4 23. Qxa6 g5 24. Nb5 Qd8 25. fxg5 Nxb5 26. Qxb5 Qd4+ 27. Kh1 Qxe5 28. Qe8+ Kxe8 29. Bc6+ Kd8 30. Rxe5 Kc7 31. Bf3 Rb8 32. Kg1 Kd6 33. Re1 Bxg5 34. a4 Bf6 35. a5 Bd4+ 36. Kh2 Rb2 37. a6 Ra2 38. Bb7 f5 39. Rb1 Kc7 40. Re1 e5 41. Rf1 Bf2 42. Bd5 Kb6 43. Be6 f4 44. Bd5 Kxa6 45. Rb1 Ra4 46. Bb7+ Ka7 47. Bd5 Rb4 48. Ra1+ Kb6 49. Kh1 Bd4 0-1

[Event "Dortmund op-A"]
[Site "Dortmund"]
[Date "1993.??.??"]
[Round "7"]
[White "Busch, Klaus"]
[Black "Modr, Bretislav"]
[Result "1/2-1/2"]
[WhiteElo "2385"]
[BlackElo "2305"]
[PlyCount "24"]
[EventDate "1993.04.??"]
[EventType "swiss"]
[EventRounds "11"]
[EventCountry "GER"]
[SourceTitle "TD"]
[Source "ChessBase"]
[SourceDate "1994.03.01"]
[SourceVersion "1"]
[SourceVersionDate "1994.03.01"]
[SourceQuality "1"]

1. Nf3 Nf6 2. c4 e6 3. g3 d5 4. Bg2 Be7 5. 0-0 0-0 6. b3 c5 7. e3 Nc6 8. Bb2 dxc4 9. bxc4 Qb6 10. Qb3 Na5 11. Qxb6 axb6 12. Rc1 Rd8 1/2-1/2

[Event "Dortmund op-A"]
[Site "Dortmund"]
[Date "1993.??.??"]
[Round "10"]
[White "Modr, Bretislav"]
[Black "Nikitin, Aleksander S"]
[Result "1/2-1/2"]
[WhiteElo "2305"]
[BlackElo "2420"]
[PlyCount "23"]
[EventDate "1993.04.??"]
[EventType "swiss"]
[EventRounds "11"]
[EventCountry "GER"]
[SourceTitle "TD"]
[Source "ChessBase"]
[SourceDate "1994.03.01"]
[SourceVersion "1"]
[SourceVersionDate "1994.03.01"]
[SourceQuality "1"]

1. d4 d5 2. Nf3 Bf5 3. Bg5 h6 4. Bh4 c6 5. c3 Qb6 6. Qb3 Nd7 7. Nbd2 e6 8. e3 Ngf6 9. Be2 g5 10. Bg3 Nh5 11. Be5 f6 12. Ng1 1/2-1/2

[Event "CZE-chT 9293"]
[Site "Czech Republic"]
[Date "1992.11.29"]
[Round "2"]
[White "Modr, Bretislav"]
[Black "Sobek, Jaroslav"]
[Result "1/2-1/2"]
[WhiteElo "2305"]
[BlackElo "2280"]
[PlyCount "82"]
[EventDate "1992.11.28"]
[EventType "team-tourn"]
[EventRounds "9"]
[EventCountry "CZE"]
[SourceTitle "EXT 2019"]
[Source "ChessBase"]
[SourceDate "2018.10.10"]
[SourceVersion "1"]
[SourceVersionDate "2018.10.10"]
[SourceQuality "1"]
[WhiteTeam "Praha Bohemians"]
[BlackTeam "Karvina SK Banik CSA "]
[WhiteTeamCountry "CZE"]
[BlackTeamCountry "CZE"]

1. d4 Nf6 2. Nf3 g6 3. g3 Bg7 4. Bg2 d6 5. 0-0 0-0 6. c4 c6 7. Nc3 Qa5 8. Qd2 Qh5 9. Qg5 Qxg5 10. Bxg5 h6 11. Be3 Be6 12. b3 Nbd7 13. Rac1 d5 14. cxd5 Nxd5 15. Bd2 Nxc3 16. Bxc3 Bd5 17. Rfe1 Nf6 18. Ne5 Bxg2 19. Kxg2 Ne4 20. Bb2 Rfd8 21. Red1 h5 22. Nc4 Nd6 23. e3 Nxc4 24. bxc4 c5 25. Rc2 cxd4 26. exd4 Rac8 27. d5 Bxb2 28. Rxb2 b6 29. Re2 e6 30. Rdd2 Rxc4 31. dxe6 Rxd2 32. Rxd2 fxe6 33. Rd8+ Kf7 34. Rd7+ Kf6 35. Rxa7 Rc2 36. h4 b5 37. Ra6 b4 38. Ra4 Rb2 39. a3 b3 40. Rb4 Rb1 41. a4 b2 1/2-1/2

[Event "CSR-chT"]
[Site "Czechoslovakia"]
[Date "1992.??.??"]
[Round "?"]
[White "Hudecek, Jan"]
[Black "Modr, Bretislav"]
[Result "1-0"]
[WhiteElo "2285"]
[BlackElo "2315"]
[PlyCount "131"]
[EventDate "1992.??.??"]
[EventType "team"]
[EventRounds "13"]
[EventCountry "CSR"]
[SourceTitle "TD"]
[Source "ChessBase"]
[SourceDate "1994.03.01"]
[SourceVersion "1"]
[SourceVersionDate "1994.03.01"]
[SourceQuality "1"]

1. d4 Nf6 2. c4 e6 3. g3 d5 4. Bg2 Be7 5. Nf3 0-0 6. 0-0 Nbd7 7. Nc3 c6 8. b3 b6 9. Qc2 Bb7 10. Rd1 Rc8 11. e4 h6 12. Bb2 Qc7 13. e5 Ne8 14. Rac1 Qb8 15. c5 bxc5 16. Ba3 Nc7 17. Na4 Na6 18. Qb2 Rc7 19. Bf1 Nb6 20. Nxc5 Nxc5 21. Bxc5 Bxc5 22. Rxc5 Nd7 23. Rc3 c5 24. Rdc1 Rfc8 25. Qc2 c4 26. bxc4 dxc4 27. Nd2 Nb6 28. Nxc4 Bd5 29. Qb3 Rc6 30. Nxb6 Bxb3 31. Nxc8 Rxc3 32. Rxc3 Bxa2 33. Ne7+ Kh7 34. Bd3+ g6 35. Rc8 Qb7 36. Re8 Qb3 37. Ng8 Qd1+ 38. Bf1 g5 39. Nf6+ Kg6 40. g4 h5 41. Rg8+ Kh6 42. h4 Qc1 43. hxg5+ Qxg5 44. Rxg5 Kxg5 45. gxh5 a5 46. Be2 a4 47. Ne4+ Kh6 48. Nc3 Bb3 49. Nb1 Kg5 50. Na3 Bd5 51. Bd1 Bc6 52. f4+ Kh6 53. Kf2 Bd5 54. Kg3 Bc6 55. Kg4 Bd7 56. Kh4 Bc6 57. Bc2 Bd7 58. Bd3 Bc6 59. Bb5 Bf3 60. Bxa4 Bxh5 61. Nc4 Bg6 62. Nd6 Kg7 63. Kg5 Kf8 64. Kf6 Bh5 65. Be8 Bg6 66. Bxf7 1-0

[Event "CSR-chT"]
[Site "Czechoslovakia"]
[Date "1992.??.??"]
[Round "?"]
[White "Modr, Bretislav"]
[Black "Kolesar, Milan"]
[Result "1-0"]
[WhiteElo "2315"]
[BlackElo "2305"]
[PlyCount "75"]
[EventDate "1992.??.??"]
[EventType "team"]
[EventRounds "13"]
[EventCountry "CSR"]
[SourceTitle "TD"]
[Source "ChessBase"]
[SourceDate "1994.03.01"]
[SourceVersion "1"]
[SourceVersionDate "1994.03.01"]
[SourceQuality "1"]

1. d4 d5 2. Nf3 Nf6 3. Bg5 Bf5 4. Nbd2 Nbd7 5. e3 c6 6. Be2 Qb6 7. Qc1 e6 8. 0-0 Bd6 9. c4 Qd8 10. c5 Bc7 11. b4 Qb8 12. Nb3 e5 13. dxe5 Ne4 14. Nbd4 Be6 15. Bf4 Nxe5 16. Nxe6 fxe6 17. Nd4 Kf7 18. Bxe5 Bxe5 19. f4 Bc7 20. Qe1 Re8 21. Qh4 Nf6 22. Bd3 g6 23. Qh6 Re7 24. Nf3 Kg8 25. Bxg6 Qf8 26. Qxf8+ Rxf8 27. Bc2 e5 28. fxe5 Bxe5 29. Nxe5 Rxe5 30. Rae1 Kg7 31. Rf4 h5 32. h3 Rfe8 33. Ref1 R5e6 34. Rf5 R8e7 35. Rg5+ Kf8 36. Rxh5 Rg7 37. Rh8+ Ke7 38. Rb8 1-0

[Event "Dortmund op-A"]
[Site "Dortmund"]
[Date "1992.??.??"]
[Round "9"]
[White "Werner, Clemens"]
[Black "Modr, Bretislav"]
[Result "1/2-1/2"]
[WhiteElo "2265"]
[BlackElo "2315"]
[PlyCount "87"]
[EventDate "1992.04.??"]
[EventType "swiss"]
[EventRounds "11"]
[EventCountry "GER"]
[SourceTitle "TD"]
[Source "ChessBase"]
[SourceDate "1994.03.01"]
[SourceVersion "1"]
[SourceVersionDate "1994.03.01"]
[SourceQuality "1"]

1. d4 Nf6 2. Bg5 c5 3. Nc3 d5 4. e3 e6 5. Nf3 Nc6 6. Be2 Be7 7. 0-0 b6 8. Bb5 Bb7 9. Ne5 Qc8 10. e4 dxe4 11. dxc5 bxc5 12. Bxf6 gxf6 13. Nxc6 Bxc6 14. Qe2 f5 15. f3 exf3 16. Rxf3 Bxb5 17. Nxb5 a6 18. Na3 Rg8 19. Nc4 Qc6 20. Re1 Ra7 21. Ne5 Qe4 22. Qxe4 fxe4 23. Rxf7 c4 24. Rf4 c3 25. bxc3 Bc5+ 26. Kf1 Rag7 27. g3 e3 28. Ke2 Rg5 29. Nf3 Rg4 30. Rxg4 Rxg4 31. Nd4 Bxd4 32. cxd4 Rxd4 33. Kxe3 Ra4 34. Kd2 Ke7 35. Rb1 Kf6 36. Rb2 h5 37. Kd3 h4 38. gxh4 Ke5 39. c3 Rxh4 40. Rb6 Ra4 41. Rb2 Kd5 42. Rc2 Rh4 43. Re2 Rh3+ 44. Kc2 1/2-1/2

[Event "CSR-chT 9091"]
[Site "Czechoslovakia"]
[Date "1991.04.07"]
[Round "14.6"]
[White "Modr, Bretislav"]
[Black "Kolesar, Milan"]
[Result "1/2-1/2"]
[WhiteElo "2315"]
[BlackElo "2305"]
[PlyCount "20"]
[EventDate "1990.??.??"]
[EventType "team"]
[EventRounds "14"]
[EventCountry "CSR"]
[SourceTitle "EXT 2002"]
[Source "ChessBase"]
[SourceDate "2001.11.25"]
[SourceVersion "1"]
[SourceVersionDate "2001.11.25"]
[SourceQuality "1"]

1. d4 d5 2. Nf3 Nf6 3. Bg5 Bf5 4. Nbd2 Nbd7 5. e3 c6 6. c3 e6 7. Ne5 h6 8. Bh4 Be7 9. Ndf3 Nxe5 10. Nxe5 Ne4 1/2-1/2

[Event "CSR-chT 9091"]
[Site "Czechoslovakia"]
[Date "1991.01.20"]
[Round "6.4"]
[White "Modr, Bretislav"]
[Black "Lastovicka, Zdenek"]
[Result "1-0"]
[WhiteElo "2315"]
[BlackElo "2325"]
[PlyCount "105"]
[EventDate "1990.??.??"]
[EventType "team"]
[EventRounds "14"]
[EventCountry "CSR"]
[SourceTitle "EXT 2002"]
[Source "ChessBase"]
[SourceDate "2001.11.25"]
[SourceVersion "1"]
[SourceVersionDate "2001.11.25"]
[SourceQuality "1"]

1. d4 Nf6 2. Nf3 e6 3. Bg5 d5 4. Nbd2 c5 5. e3 h6 6. Bh4 Nc6 7. c3 g5 8. Bg3 Ne4 9. Nxe4 dxe4 10. Nd2 cxd4 11. exd4 h5 12. h4 f5 13. hxg5 Qxg5 14. Bh4 Qg6 15. Qc2 Bd7 16. 0-0-0 Rc8 17. Nc4 Rh7 18. Kb1 b5 19. Ne5 Nxe5 20. dxe5 b4 21. Rxd7 Rxd7 22. Bb5 Rcc7 23. Rd1 bxc3 24. Rxd7 Rxd7 25. Qxc3 Kf7 26. Bxd7 Qxg2 27. Kc2 Be7 28. Bg3 Qf1 29. Qd4 h4 30. Bf4 Qe2+ 31. Kc3 h3 32. Qe3 Qd1 33. Bb5 a5 34. Bc4 a4 35. a3 Bg5 36. Bxg5 h2 37. Qb6 Qd7 38. Bf6 h1Q 39. Bxe6+ Qxe6 40. Qc7+ Ke8 41. Qd8+ Kf7 42. Qc7+ Ke8 43. Qd8+ Kf7 44. Qc7+ Kf8 45. Qd8+ Qe8 46. Be7+ Kf7 47. e6+ Kxe6 48. Qxe8 Qc1+ 49. Kb4 Qxb2+ 50. Ka5 Qb7 51. Bg5+ Kd6 52. Qb8+ Qc7+ 53. Qxc7+ 1-0